[Event "chess.com SpeedChess 2023"]
[Site "chess.com INT"]
[Date "2023.09.14"]
[Round "1.20"]
[White "Erigaisi, Arjun"]
[Black "Nepomniachtchi, I.."]
[Result "0-1"]
[WhiteElo "2712"]
[BlackElo "2771"]
[PlyCount "56"]
[EventDate "2023.09.04"]

1. d4 Nf6 2. c4 e6 3. Nc3 Bb4 4. Qc2 c5 5. dxc5 O-O 6. a3 Bxc5 7. Nf3 d5 8. Bf4 ({RR} 8. cxd5 Nxd5 9. e4 Nxc3 10. Qxc3 Qe7 11. Bg5 f6 12. Bh4 e5 13. Bc4+ Kh8 14. O-O Nc6 15. Bd5 Nd4 16. Nxd4 Bxd4 17. Qb3 Rb8 18. Rac1 b6 19. Rfd1 Bb7 20. Bg3 Bxd5 21. exd5 Rfd8 22. Rxd4 exd4 {Silva Lucena,C (2317)-Rajanish,A (2084) chess.com INT 2025 1-0}) 8... d4 ({RR} 8... dxc4 9. e3 a6 10. Bxc4 b5 11. Be2 Nbd7 12. O-O Bb7 13. Rfd1 Rc8 14. Rd2 Qb6 15. Rad1 Rfd8 16. Qb1 h6 17. Bg3 Be7 18. Ne5 Nc5 19. Bf3 Rxd2 20. Rxd2 Nce4 21. Nxe4 Bxe4 22. Bxe4 Nxe4 23. Rd1 {Erigaisi,A (2722)-Aronian,L (2735) Wijk aan Zee NED 2023 ½-½ (61)}) 9. O-O-O Nbd7 10. Nxd4 $146 ({RR} 10. Nb5 Qe7 11. Nbxd4 e5 12. Nf5 Qe8 13. Be3 b5 14. Bxc5 Nxc5 15. Nd6 Qe7 16. cxb5 Be6 17. e4 Bb3 18. Qxc5 Rac8 19. Qxc8 Rxc8+ 20. Nxc8 Qc7+ 21. Kb1 Qc2+ {0-1 (21) Postnikov,A (2207)-Kushko,D (2444) chess.com INT 2024}) 10... e5 11. Nb3 Bxf2 12. Bg5 h6 13. e3 hxg5 14. Qxf2 Qb6 15. Nd2 Nc5 16. b4 Ne6 17. c5 Qc7 18. h4 Ng4 19. Qg3 Nxc5 20. bxc5 Qxc5 21. Nc4 Be6 22. hxg5 Bxc4 23. Qh4 Qxa3+ 24. Kb1 Qb3+ 25. Kc1 Qxc3+ 26. Kb1 Qb3+ 27. Kc1 Qa3+ 28. Kc2 Bb3+ 0-1

[Event "Chess.com Classic Winners"]
[Site "chess.com INT"]
[Date "2025.05.20"]
[Round "1.2"]
[White "Erigaisi, Arjun"]
[Black "Nepomniachtchi, I.."]
[Result "0-1"]
[WhiteElo "2782"]
[BlackElo "2757"]
[PlyCount "84"]
[EventDate "2025.05.20"]
[EventType "k.o."]

1. d4 Nf6 2. c4 e6 3. Nc3 Bb4 4. Qc2 c5 5. dxc5 O-O 6. a3 Bxc5 7. Nf3 Nc6 8. e3 d5 9. b4 Be7 10. Bb2 dxc4 ({RR} 10... b6 11. Rd1 Bb7 12. cxd5 exd5 13. Be2 Rc8 14. O-O Qd6 15. Qb3 Rfd8 16. Nb5 Qb8 17. Nbd4 Nxd4 18. Bxd4 Ne4 19. Qb2 f6 20. Rc1 Bd6 21. g3 Rxc1 22. Rxc1 Rc8 23. Nd2 Rc7 24. Bg4 Qe8 25. Nxe4 {Lupulescu,C (2623)-Kosteniuk,A (2516) Chess.com INT 2022 1-0 (51)}) 11. Bxc4 b6 12. Rd1 Qc7 $146 ({RR} 12... Qe8 13. g4 Bb7 14. g5 Nh5 15. Bd3 g6 16. Ne4 f6 17. gxf6 Nxf6 18. Rg1 Rc8 19. Nxf6+ Bxf6 20. Bxg6 hxg6 21. Rxg6+ Kf7 22. Rxf6+ Ke7 23. Qh7+ Rf7 24. Rxf7+ Qxf7 25. Rd7+ {1-0 (25) Novikov,E (2276)-Daskevics,V (2445) chess.com INT 2025}) 13. Nb5 Qb8 14. Bd3 Bb7 15. Bxf6 gxf6 16. Bxh7+ Kg7 17. Be4 Rc8 18. Qb1 a5 19. O-O axb4 20. axb4 Ra4 21. Nbd4 Rxb4 22. Qd3 Nxd4 23. Nxd4 f5 24. Bxf5 exf5 25. Nxf5+ Kf8 26. Nxe7 Kxe7 27. Qf5 Qc7 28. Qg5+ f6 29. Qh6 Rg4 30. f3 Rg5 31. Rf2 Rcg8 32. Qh7+ R8g7 33. Qh4 Kf7 34. Rfd2 Kg6 35. Qf2 Kh7 36. Qh4+ Kg6 37. Qf2 Kh6 38. Qh4+ Rh5 39. Qxf6+ Kh7 40. f4 Qc5 41. Re1 Qb4 42. Qb2 Rxg2+ 0-1

[Event "Chess.com Classic Winners"]
[Site "chess.com INT"]
[Date "2025.05.20"]
[Round "1.4"]
[White "Erigaisi, Arjun"]
[Black "Nepomniachtchi, I.."]
[Result "1/2-1/2"]
[WhiteElo "2782"]
[BlackElo "2757"]
[PlyCount "185"]
[EventDate "2025.05.20"]
[EventType "k.o."]

1. d4 Nf6 2. c4 e6 3. Nc3 Bb4 4. Qc2 c5 5. dxc5 O-O 6. a3 Bxc5 7. Nf3 d5 8. Bf4 Nc6 9. e3 Re8 10. Rd1 e5 11. Bg5 d4 12. Nd5 Be7 13. Bxf6 Bxf6 14. Bd3 g6 15. O-O Bg7 16. h3 Be6 17. exd4 $146 ({RR} 17. e4 a5 18. Qa4 Bd7 19. Qb3 Ra7 20. c5 a4 21. Qb6 Be6 22. Bb5 Qxb6 23. cxb6 Ra5 24. Nc7 Rc8 25. Ng5 Bb3 26. Rc1 Bh6 27. f4 Rxb5 28. Nxb5 Rd8 29. Na7 Na5 30. Rc5 Nc4 31. Rc7 Na5 {Meskovs,N (2558)-Keinanen,T (2447) St Petersburg 2019 1-0 (59)}) 17... exd4 18. Nf4 Bd7 19. Be4 Rc8 20. Rfe1 Qf6 21. Nd3 b6 22. b4 h5 23. c5 Nd8 24. Bd5 Rxe1+ 25. Rxe1 Bf8 26. Nfe5 Be6 27. Bxe6 Nxe6 28. c6 b5 29. Qb3 Nd8 30. Qd5 Nxc6 31. Qxb5 Nxe5 32. Nxe5 Bd6 33. Nf3 Rc3 34. Ng5 Rc2 35. Ne4 Qf4 36. g3 Qf3 37. Qd5 Be7 38. Qxd4 Qxa3 39. Nf6+ Bxf6 40. Qxf6 Rc1 41. Rxc1 Qxc1+ 42. Kg2 Qd2 43. Qa6 Qd5+ 44. Kg1 Qd4 45. h4 Kg7 46. b5 Qb6 47. Qa1+ Kf8 48. Qa4 Ke7 49. Qb4+ Ke6 50. Qc4+ Kf6 51. Qf4+ Ke7 52. Qc4 Qd6 53. Qe4+ Kf6 54. Qf3+ Kg7 55. Qc3+ Kg8 56. Qc8+ Kg7 57. Qc4 Qe5 58. Qc6 Qd4 59. Qa6 Kf8 60. Qc6 Qb6 61. Qc8+ Ke7 62. Qc4 Kf8 63. Qc8+ Kg7 64. Qc3+ Qf6 65. Qc4 Qa1+ 66. Kg2 Qe5 67. Qc6 Qd4 68. Qa6 Kf8 69. Qc6 Ke7 70. Kg1 Qd7 71. Qc5+ Ke6 72. Qc4+ Ke5 73. Qf4+ Kd5 74. Qd2+ Ke6 75. Qa2+ Kd6 76. Qd2+ Kc7 77. Qa5+ Kb7 78. Qa6+ Kb8 79. b6 Qb7 80. bxa7+ Qxa7 81. Qd6+ Qc7 82. Qb4+ Kc8 83. Qf8+ Kb7 84. Qb4+ Kc6 85. Qc4+ Kb6 86. Qb4+ Ka6 87. Qa4+ Kb7 88. Qb5+ Ka7 89. Qa4+ Kb6 90. Qb4+ Kc6 91. Qc4+ Kd6 92. Qf4+ Kc6 93. Qc4+ 1/2-1/2

[Event "Olympiad-44"]
[Site "Chennai"]
[Date "2022.08.02"]
[Round "5.3"]
[White "Erigaisi, Arjun Kumar"]
[Black "Parligras, Mircea Emilian"]
[Result "1-0"]
[WhiteElo "2689"]
[BlackElo "2576"]
[PlyCount "91"]
[EventDate "2022.07.29"]
[EventType "team-swiss"]
[EventRounds "11"]
[EventCountry "IND"]
[SourceTitle "EXT 2023"]
[Source "ChessBase"]
[SourceDate "2022.10.05"]
[SourceVersion "1"]
[SourceVersionDate "2022.10.05"]
[SourceQuality "1"]
[WhiteTeam "India"]
[BlackTeam "Romania"]
[WhiteTeamCountry "IND"]
[BlackTeamCountry "ROU"]

1. d4 Nf6 2. c4 e6 3. Nc3 Bb4 4. f3 d5 5. a3 Bxc3+ 6. bxc3 c6 7. e4 dxe4 8. fxe4 e5 9. Nf3 Bg4 10. Qd3 Nbd7 ({RR} 10... exd4 11. cxd4 c5 12. d5 O-O 13. Be2 Re8 14. e5 Bxf3 15. Qxf3 Rxe5 16. Bb2 Re8 17. O-O Nbd7 18. Bd3 Qe7 19. Qf5 Qe3+ 20. Kh1 Ne5 21. Bc2 Neg4 22. h3 Qh6 23. Bc1 Ne3 24. Qf3 Re5 25. Rb1 {Erigaisi,A (2701)-Martirosyan,H (2675) Astana KAZ 2023 0-1 (89)}) 11. dxe5 ({RR} 11. Be2 O-O 12. O-O Qe7 13. h3 Bh5 14. Nd2 Bg6 15. Bf3 Rad8 16. Qe3 Rfe8 17. a4 exd4 18. cxd4 Nxe4 19. Ba3 Qe6 20. Bxe4 Bxe4 21. Rae1 f5 22. g4 Qg6 23. Qf4 Nf6 24. Nxe4 Nxe4 25. d5 cxd5 {Ebrahimi Herab,H (2417)-Salimiyan,B (2233) chess.com INT 2025 1-0 (106)}) 11... Nh5 12. Be2 O-O $146 ({RR} 12... Qa5 13. O-O g6 14. Qd6 O-O-O 15. Be3 Qxc3 16. Bd2 Qc2 17. Nd4 Qxd2 18. Bxg4 Nf4 19. Rxf4 Qxf4 20. Nxc6 bxc6 21. Rb1 {1-0 (21) Khenkin,I (2586)-Satyapragyan,S (2431) Andorra 2006}) 13. O-O Qb6+ 14. Rf2 Rfe8 15. Be3 Qc7 16. c5 Bxf3 17. gxf3 Nxe5 18. Qc2 Ng6 19. Kh1 Nhf4 20. Bc4 Rad8 21. Rd1 Rxd1+ 22. Qxd1 Rd8 23. Rd2 Rxd2 24. Qxd2 Kf8 25. Bf2 h5 26. h4 Ne6 27. Kg2 Ngf4+ 28. Kf1 Qe5 29. Qd6+ Qxd6 30. cxd6 b6 31. Bg3 f6 32. Kf2 Ke8 33. Ke3 Ng2+ 34. Kf2 Ngf4 35. Bf1 Kd7 36. Ke3 g5 37. hxg5 fxg5 38. e5 h4 39. Bh2 b5 40. Ke4 Nd5 41. Bh3 Nxc3+ 42. Kf5 Nd4+ 43. Kxg5+ Kd8 44. Bg4 a5 45. e6 Nd5 46. Be5 1-0

[Event "85th Tata Steel Masters"]
[Site "Wijk aan Zee NED"]
[Date "2023.01.24"]
[Round "9.7"]
[White "Erigaisi, Arjun"]
[Black "Rapport, R.."]
[Result "0-1"]
[WhiteElo "2722"]
[BlackElo "2740"]
[PlyCount "50"]
[EventDate "2023.01.14"]

1. d4 Nf6 2. c4 e6 3. Nc3 Bb4 4. e3 b6 5. Nge2 Ne4 6. Qc2 Bb7 7. a3 Bxc3+ 8. Nxc3 Nxc3 9. Qxc3 d6 10. b3 Qh4 11. Bb2 Be4 12. Qd2 g5 13. h3 g4 14. O-O-O Rg8 15. Qe2 $146 ({RR} 15. g3 Qf6 16. Rh2 h5 17. hxg4 hxg4 18. Bd3 Bf3 19. Re1 Nd7 20. e4 e5 21. Qh6 Qe7 22. Qh4 Nf6 23. d5 O-O-O 24. Qh6 Nd7 25. b4 Kb7 26. Qe3 Qg5 27. Qxg5 Rxg5 28. Kc2 Rgg8 29. Bc1 Rh8 {Schnell,S (2180)-Proudian,A (2420) Sant Boi ESP 2024 0-1 (58)}) 15... Qh5 16. Rg1 Nd7 17. Qe1 gxh3 18. Be2 Qh6 19. gxh3 O-O-O 20. Rg4 f5 21. Rxg8 Rxg8 22. h4 Rg2 23. h5 f4 24. f3 Qxh5 25. Bf1 Rc2+ 0-1

[Event "Menorca op 1st"]
[Site "Ciutadella de Menorca"]
[Date "2022.04.24"]
[Round "7"]
[White "Erigaisi, Arjun Kumar"]
[Black "Sadhwani, Raunak"]
[Result "1/2-1/2"]
[WhiteElo "2675"]
[BlackElo "2628"]
[PlyCount "46"]
[EventDate "2022.04.20"]
[EventType "swiss"]
[EventRounds "7"]
[EventCountry "ESP"]
[SourceTitle "CBM 207 Extra"]
[Source "ChessBase"]
[SourceDate "2022.05.31"]
[SourceVersion "1"]
[SourceVersionDate "2022.05.31"]
[SourceQuality "1"]

1. d4 Nf6 2. c4 e6 3. Nc3 Bb4 4. f3 c5 5. d5 O-O 6. e4 b5 7. e5 Ne8 8. f4 exd5 9. cxd5 d6 10. Nf3 c4 11. a4 Nd7 12. axb5 dxe5 13. Bxc4 Nd6 14. Be2 Qb6 $146 ({RR} 14... exf4 15. O-O Bb7 16. Bxf4 Nf6 17. Bd3 Bxc3 18. bxc3 Nxd5 19. Bd2 Rc8 20. Qc2 h6 21. c4 Qb6+ 22. Kh1 Ne3 23. Bxe3 Qxe3 24. Rae1 Qc5 25. Ne5 Rfe8 26. Qb2 Rc7 27. Ng4 Rce7 28. Rxe7 Rxe7 29. h3 {Erigaisi,A (2722)-Nakamura,H (2768) Kolkata IND 2022 1-0 (47)}) 15. Bd2 Bxc3 16. Bxc3 Ne4 17. Rf1 Nxc3 18. bxc3 Qc5 19. c4 Re8 20. Rf2 e4 21. Nd4 e3 22. Rf3 Nb6 23. Nc6 Re4 1/2-1/2

[Event "Menorca op 1st"]
[Site "Ciutadella de Menorca"]
[Date "2022.04.23"]
[Round "5"]
[White "Erigaisi, Arjun Kumar"]
[Black "Sargsyan, Shant"]
[Result "0-1"]
[WhiteElo "2675"]
[BlackElo "2639"]
[PlyCount "74"]
[EventDate "2022.04.20"]
[EventType "swiss"]
[EventRounds "7"]
[EventCountry "ESP"]
[SourceTitle "CBM 207 Extra"]
[Source "ChessBase"]
[SourceDate "2022.05.31"]
[SourceVersion "1"]
[SourceVersionDate "2022.05.31"]
[SourceQuality "1"]

1. d4 Nf6 2. c4 e6 3. Nc3 Bb4 4. f3 c5 5. d5 b5 6. e4 d6 7. Nge2 bxc4 8. Nf4 g5 9. Nfe2 exd5 10. exd5 Qe7 11. Bxg5 Bxc3+ 12. bxc3 Nbd7 13. Qd2 Ne5 ({RR} 13... Rg8 14. h4 Ne5 15. Kf2 Nd3+ 16. Kg1 Ne5 17. Ng3 h6 18. f4 hxg5 19. fxe5 dxe5 20. hxg5 Ng4 21. d6 Qe6 22. Ne4 Qf5 23. Bxc4 Bb7 24. Nxc5 Bxg2 25. Qxg2 Rb8 26. Rf1 {1-0 (26) Sargsyan,S (2641)-Petrosyan,M (2638) Jermuk 2022}) 14. Kd1 Rg8 15. Ng3 Rb8 16. Bh4 $146 ({RR} 16. Qf4 Rxg5 17. Qxg5 Nxd5 18. Qg8+ Kd7 19. Ne4 Kc7 20. Kc1 Bf5 21. Qg3 Qe8 22. Rb1 Rxb1+ 23. Kxb1 Nxc3+ 24. Ka1 Nd5 25. Qf2 Qa4 26. Qd2 Bxe4 27. fxe4 Nb4 28. Kb1 Qa3 29. Qb2 Qe3 30. Qe2 Qc3 {Mueer,S (2192)-Lewtak,D (2359) Prague CZE 2025 0-1 (37)}) 16... Rg6 17. Be2 Qb7 18. f4 Rxg3 19. Bxf6 Rxg2 20. fxe5 Bg4 21. Re1 Qb1+ 22. Rxb1 Rxb1+ 23. Qc1 Bxe2+ 24. Kd2 Bd3+ 25. Ke3 Rxc1 26. Rxc1 dxe5 27. Kf3 Rxh2 28. Bxe5 Rxa2 29. Bd6 Kd7 30. Bf8 f5 31. d6 a5 32. Rg1 Be4+ 33. Kf4 Rg2 34. Ra1 Rg8 35. Be7 Ra8 36. Rg1 a4 37. Rg7 a3 0-1

[Event "FTX Road to Miami Prelim"]
[Site "chess24.com INT"]
[Date "2022.07.10"]
[Round "1"]
[White "Erigaisi, Arjun Kumar"]
[Black "Sevian, Samuel"]
[Result "1/2-1/2"]
[WhiteElo "2689"]
[BlackElo "2684"]
[PlyCount "129"]
[EventDate "2022.07.10"]
[EventType "tourn"]
[EventRounds "15"]
[EventCountry "USA"]
[EventCategory "19"]
[SourceTitle "CBM 209 Extra"]
[Source "ChessBase"]
[SourceDate "2022.09.30"]
[SourceVersion "1"]
[SourceVersionDate "2022.09.30"]
[SourceQuality "1"]

1. d4 Nf6 2. c4 e6 3. Nc3 Bb4 4. f3 c5 5. d5 O-O 6. e4 d6 7. Nge2 b5 8. Ng3 Re8 9. Bf4 ({RR} 9. Be2 bxc4 10. Bxc4 exd5 11. Bxd5 Nxd5 12. Qxd5 Be6 13. Qxa8 Qd7 14. O-O Nc6 15. Qxe8+ Qxe8 16. Bf4 Ne5 17. Bxe5 dxe5 18. Nd5 Bxd5 19. exd5 Bd2 20. Kf2 Qa4 21. Rfd1 Qc2 22. d6 f5 23. Ne2 e4 {Tong,Y (1712)-Xue,S (1885) Xinghua CHN 2025 0-1 (37)}) 9... Qb6 $146 ({RR} 9... exd5 10. cxd5 c4 11. Be2 Nbd7 12. O-O h5 13. a4 bxa4 14. Nxa4 Nb6 15. Bg5 Nxa4 16. Qxa4 Qb6+ 17. Kh1 Bd7 18. Qc2 Nh7 19. Bd2 h4 20. Nh5 Reb8 21. Rab1 Qd4 22. Bc3 Bxc3 23. bxc3 Qe3 24. Rbe1 {Erigaisi,A (2722)-Praggnanandhaa,R (2684) Kolkata IND 2022 1-0 (48)}) 10. Bg5 Nbd7 11. dxe6 fxe6 12. cxb5 d5 13. a3 Ba5 14. Bd2 c4 15. Be2 Bb7 16. b4 cxb3 17. Na4 Qd4 18. Bxa5 Qxa4 19. Bb4 dxe4 20. fxe4 Rad8 21. O-O Nc5 22. Qb1 Ncxe4 23. Qb2 Nxg3 24. hxg3 Nd5 25. Bh5 g6 26. Qe5 Qxb5 27. Kh2 Qb6 28. Bd2 Qc7 29. Qg5 Qe7 30. Bd1 Ba6 31. Re1 Qxg5 32. Bxg5 Rb8 33. Rb1 b2 34. Ba4 Rec8 35. Bd7 Nc3 36. Bxe6+ Kg7 37. Bxc8 Bxc8 38. Bf4 Rb5 39. Rxb2 Rxb2 40. Be5+ Kf7 41. Bxc3 Rc2 42. Bb4 Rc7 43. Rf1+ Kg8 44. Rf8+ Kg7 45. Rd8 Bf5 46. Bd6 Rb7 47. Bc5 h5 48. Ra8 Be4 49. Rxa7 Rxa7 50. Bxa7 Bc6 51. Kg1 Kf6 52. Kf2 Kf5 53. Bd4 g5 54. Bc3 Kg4 55. Bb4 h4 56. gxh4 gxh4 57. Be7 h3 58. gxh3+ Kxh3 59. Ke3 Be8 60. Kd4 Kg4 61. Kc5 Kf5 62. Kb4 Ke6 63. Bc5 Kd5 64. a4 Bxa4 65. Kxa4 1/2-1/2

[Event "Chennai GMs 2023"]
[Site "Chennai IND"]
[Date "2023.12.21"]
[Round "7.2"]
[White "Erigaisi, Arjun"]
[Black "Sjugirov, S.."]
[Result "1-0"]
[WhiteElo "2727"]
[BlackElo "2703"]
[PlyCount "113"]
[EventDate "2023.12.15"]

1. d4 Nf6 2. c4 e6 3. Nc3 Bb4 4. f3 c5 5. a3 Bxc3+ 6. bxc3 Nc6 7. e4 d6 8. Ne2 h6 ({RR} 8... e5 9. d5 Ne7 10. h4 h5 11. Ng3 Bd7 12. Bd2 Qc7 13. a4 O-O-O 14. a5 Rdf8 15. Bd3 Kb8 16. Bc2 Nfg8 17. O-O Ng6 18. Nf5 N8e7 19. f4 exf4 20. Nxe7 Nxe7 21. Bxf4 f6 22. Bg3 Ng6 23. Ba4 {Yu,Y (2764)-Wojtaszek,R (2749) Shenzhen 2018 ½-½ (36)}) ({RR} 8... b6 9. Bg5 h6 10. Bh4 Bb7 11. Nc1 g5 12. Bf2 Qc7 13. h4 O-O-O 14. hxg5 hxg5 15. Rxh8 Rxh8 16. Qd2 g4 17. Nb3 Ba6 18. Qg5 Qe7 19. Bh4 Ng8 20. Qxe7 Ngxe7 21. Bg3 gxf3 22. Bxd6 fxg2 23. Bxg2 {Hrbek,S (2407)-Navara,D (2678) Ostrava CZE 2024 0-1 (48)}) 9. Ra2 $146 ({RR} 9. Ng3 e5 10. dxc5 dxc5 11. Qxd8+ Kxd8 12. Be2 b6 13. Nf1 Ba6 14. Ne3 Na5 15. Kf2 Kc7 16. Nd5+ Kb7 17. Rd1 Rad8 18. Nxf6 Rxd1 19. Bxd1 gxf6 20. f4 Bxc4 21. fxe5 fxe5 22. Be3 Be6 23. Bh5 Nc4 {Carlsen,M (2847)-Keymer,V (2591) chess24.com INT 2021 ½-½ (59)}) 9... Qa5 10. Kf2 Qc7 11. d5 Ne5 12. Ng3 O-O 13. a4 Qa5 14. Qc2 Qa6 15. Ra3 Re8 16. Qa2 Qa5 17. Be2 Ng6 18. Rd1 e5 19. Bd3 Nh7 20. Nf5 Qd8 21. g3 Ne7 22. Kg2 h5 23. Ne3 Rf8 24. Qb1 Bd7 25. Ra2 h4 26. Nf5 Nxf5 27. exf5 Qf6 28. g4 Rab8 29. Rf1 Kh8 30. h3 Rg8 31. a5 Qe7 32. Rb2 Bc8 33. Be3 Qd8 34. Qe1 Qxa5 35. f6 g6 36. Rb5 Qa3 37. Bc1 Qa1 38. Kh1 Bd7 39. Rb3 Qa5 40. Qxh4 Qd8 41. g5 Bf5 42. Be2 a6 43. Rg1 b5 44. cxb5 axb5 45. Bxb5 Qa5 46. c4 Ra8 47. Bc6 Rab8 48. Ra3 Qb4 49. Ra7 Rbf8 50. Kh2 Qc3 51. Qf2 e4 52. Bf4 exf3 53. Bxd6 Rb8 54. Bb5 Rbe8 55. Bxe8 Rxe8 56. Re7 Ra8 57. Rge1 1-0

[Event "PRO League Prelim 2023"]
[Site "chess.com INT"]
[Date "2023.02.22"]
[Round "2.3"]
[White "Erigaisi, Arjun"]
[Black "Theodorou, Nikolas"]
[Result "1-0"]
[WhiteElo "2701"]
[BlackElo "2584"]
[PlyCount "83"]
[EventDate "2023.02.14"]
[WhiteTeam "MGD1"]
[BlackTeam "Saint Louis Arch Bishops"]

1. d4 Nf6 2. c4 e6 3. Nc3 Bb4 4. e3 b6 5. Nge2 Ne4 6. Bd2 Nxd2 7. Qxd2 Bb7 8. a3 Be7 9. Nf4 ({RR} 9. d5 O-O 10. f4 a5 11. g4 Na6 12. Ng3 Re8 13. O-O-O Nc5 14. Kb1 Bf8 15. g5 exd5 16. cxd5 b5 17. Bxb5 Ba6 18. a4 Qc8 19. Nf5 c6 20. Nh6+ gxh6 21. gxh6 Qd8 22. Qd4 f6 23. dxc6 Re6 {Maghsoodloo,P (2723)-Gledura,B (2628) Baden Baden GER 2025 1-0}) 9... d6 ({RR} 9... O-O 10. Bd3 d6 11. O-O-O Nd7 12. h4 a6 13. h5 c6 14. Bc2 e5 15. Qd3 Nf6 16. dxe5 dxe5 17. Qf5 Qc8 18. Qxe5 Re8 19. Bf5 Qb8 20. Qxb8 Raxb8 21. g4 h6 22. Rhg1 Rbd8 23. Rxd8 Bxd8 24. Rd1 {Lobanov,S (2508)-Lazavik,D (2572) chess.com INT 2025 0-1 (45)}) 10. O-O-O Nd7 11. Be2 $146 ({RR} 11. Kb1 a6 12. Be2 c5 13. d5 e5 14. Nh5 g6 15. Ng3 f5 16. Qc2 O-O 17. Nf1 b5 18. cxb5 axb5 19. Bxb5 e4 20. Nd2 Ba6 21. Bxa6 Rxa6 22. f4 Bf6 23. Nc4 Nb6 24. Nxb6 Qxb6 25. Kc1 Rb8 {Garkauskas,O (2089)-Cubas,J (2512) Mogi das Cruzes 2013 0-1}) 11... Nf6 12. Bf3 Bxf3 13. gxf3 O-O 14. h4 e5 15. dxe5 dxe5 16. Qc2 Qc8 17. Nfd5 Nxd5 18. Nxd5 Bd8 19. Qe4 Re8 20. Nb4 Be7 21. Nd5 Bf8 22. Rhg1 Kh8 23. h5 f5 24. Qc2 c6 25. Nc3 Qe6 26. Rg5 Qxc4 27. Rxf5 Rad8 28. Rg1 Rd7 29. Kb1 Qe6 30. Rfg5 b5 31. R5g4 Red8 32. Ne4 Qf5 33. Ka2 Rd2 34. Rg5 Qf7+ 35. Qb3 Qxb3+ 36. Kxb3 R8d3+ 37. Ka2 Re2 38. Rf5 Bxa3 39. Rf7 Rxb2+ 40. Ka1 Rc2 41. h6 gxh6 42. Nf6 1-0

[Event "Fagernes op"]
[Site "Fagernes"]
[Date "2022.04.14"]
[Round "6"]
[White "Erigaisi, Arjun Kumar"]
[Black "Urkedal, Frode Olav Olsen"]
[Result "1/2-1/2"]
[WhiteElo "2675"]
[BlackElo "2539"]
[PlyCount "100"]
[EventDate "2022.04.10"]
[EventType "swiss"]
[EventRounds "9"]
[EventCountry "NOR"]
[SourceTitle "CBM 207 Extra"]
[Source "ChessBase"]
[SourceDate "2022.05.31"]
[SourceVersion "1"]
[SourceVersionDate "2022.05.31"]
[SourceQuality "1"]

1. d4 Nf6 2. c4 e6 3. Nc3 Bb4 4. f3 d5 5. a3 Bd6 6. e4 c5 7. dxc5 Bxc5 8. e5 Nfd7 9. f4 Nb6 10. b4 Be7 $146 ({RR} 10... Bxg1 11. Rxg1 O-O 12. Be3 Nxc4 13. Bxc4 dxc4 14. Qxd8 Rxd8 15. Kf2 Bd7 16. Rgd1 Nc6 17. Rd6 Be8 18. Rad1 Rdc8 19. g4 Ne7 20. h3 h6 21. Kg3 Bc6 22. Bd4 b5 23. Bc5 Nd5 24. Nxd5 Bxd5 25. Ra6 {Harsha,B (2531)-Dudin,G (2506) Charlotte USA 2025 ½-½ (56)}) 11. c5 N6d7 12. Nf3 a5 13. Rb1 axb4 14. axb4 b6 15. cxb6 Qxb6 16. b5 O-O 17. Bd3 Bb7 18. h4 h6 19. Rh3 f6 20. exf6 Bxf6 21. Ne2 e5 22. Bc2 d4 23. Qd3 e4 24. Qc4+ Kh8 25. Nfxd4 Rc8 26. Nc6 Nxc6 27. Qxe4 Nf8 28. bxc6 Qxc6 29. Rxb7 Qxc2 30. Qxc2 Rxc2 31. Kd1 Rc4 32. Bb2 Bxb2 33. Rxb2 Ne6 34. Rf3 Nd4 35. Nxd4 Rxd4+ 36. Ke2 Re4+ 37. Kf2 Raa4 38. Rb8+ Kh7 39. Rf8 h5 40. Kg3 Re2 41. Kh2 Ree4 42. Kh3 g6 43. g3 Kg7 44. Rb8 Reb4 45. Rb3 Rxb8 46. Rxb8 Ra2 47. Rb7+ Kf6 48. Rb6+ Kf5 49. Rb5+ Kf6 50. Rg5 Rf2 1/2-1/2

[Event "Titled Tue 4th Mar Early"]
[Site "chess.com INT"]
[Date "2025.03.04"]
[Round "9"]
[White "Bok, B.."]
[Black "Erigaisi, Arjun"]
[Result "1-0"]
[WhiteElo "2592"]
[BlackElo "2777"]
[PlyCount "143"]
[EventDate "2025.03.04"]

1. d4 {Golod,Vitali} Nf6 2. c4 e6 3. Nc3 Bb4 4. Qc2 O-O 5. a3 Bxc3+ 6. Qxc3 b6 7. Bg5 c5 8. e3 h6 9. Bh4 Bb7 10. dxc5 bxc5 11. f3 d5 12. Bxf6 Qxf6 13. Qxf6 gxf6 14. cxd5 $146 ({RR} 14. Ne2 Nd7 15. cxd5 Bxd5 16. O-O-O Rfd8 ({RR} 16... Ne5 17. Nc3 Bb3 18. Rd2 Rfd8 19. Rxd8+ Rxd8 20. Be2 Kf8) 17. Nc3 ({RR} 17. Nc3 Bb3 18. Rd2 Nb6 ({RR} 18... f5 19. e4 fxe4 20. Nxe4 f5 21. Nc3 Ne5 22. Be2 Nc6) 19. Rxd8+ Rxd8 20. Be2 f5 21. Bd1 Bd5) 17... Bb3 18. Rd2 Nb6 19. Rxd8+ Rxd8 20. Be2 f5 21. Bd1 Bd5 {½-½ (21) Drasko,M (2505)-Gligoric,S (2475) Podgorica 1996}) ({RR} 14. O-O-O Nd7 ({RR} 14... dxc4) ({RR} 14... Rd8 15. cxd5 Rxd5 ({RR} 15... exd5 16. Nh3) 16. Rxd5 exd5 ({RR} 16... Bxd5 17. Ne2) 17. Bd3) 15. cxd5 Bxd5 ({RR} 15... exd5 16. Nh3 Nb6 17. Bd3 Rfe8 18. Rhe1 Re5 19. Nf2) 16. Ne2 Rfd8 17. Nf4 Bb3 18. Rd2 ({RR} 18. Rd3 c4 19. Rd2 Nc5 20. Be2 Rxd2 21. Kxd2 Rd8+ 22. Kc1 f5) 18... c4 19. Be2 ({RR} 19. Ne2 Nc5 20. Rxd8+ Rxd8 21. Nd4 e5 22. Nxb3 Nxb3+ 23. Kc2 Rd2+ 24. Kc3 Rd1) 19... Nc5 20. e4 ({RR} 20. Bd1 Rxd2 21. Kxd2 Rd8+ 22. Kc1 ({RR} 22. Ke2 Rb8) 22... e5 23. Nh5 Nd3+ 24. Kb1 Rb8 ({RR} 24... Nf2 25. Bxb3 Nxh1 26. Bxc4) 25. Be2 ({RR} 25. Nxf6+ Kg7 26. Nh5+ Kg6) 25... f5) 20... Kf8 21. Bd1 ({RR} 21. g4) 21... Rdc8 22. Bc2 ({RR} 22. Kb1) 22... Rab8 23. Kb1 Na4 24. Ne2 ({RR} 24. Ka1 c3 25. bxc3 Nxc3 ({RR} 25... Rxc3 26. Rb1) 26. Rc1 Rc4) 24... c3 25. Nxc3 ({RR} 25. bxc3 Nxc3+ 26. Nxc3 Rxc3 27. Kb2 Re3 28. Ra1 e5) 25... Bxc2+ {0-1 (25) Karr,J (2376)-Luther,T (2575) France 2003 CBM 095 [Golod,Vitali]} {RR} 26. Kxc2 ({RR} 26. Rxc2 Nxc3+) 26... Rxb2+) 14... Bxd5 15. e4 Bb3 16. Rc1 Nd7 17. Ne2 Rab8 18. Nc3 c4 19. Be2 Ne5 20. Kf2 Rfd8 21. Ke3 a5 22. Rhf1 Nd3 23. Bxd3 Rxd3+ 24. Ke2 Rbd8 25. Nb1 c3 26. Nxc3 Bc4 27. Ke1 f5 28. Rg1 f4 29. Rd1 Kg7 30. g3 fxg3 31. Rxg3+ Kf6 32. f4 Rxd1+ 33. Nxd1 Rd4 34. Nf2 a4 35. Rc3 h5 36. h3 e5 37. Rf3 Ke6 38. fxe5 Kxe5 39. Rf5+ Kd6 40. Rxh5 Be6 41. Ra5 Rc4 42. Kd2 Ke7 43. h4 Bd7 44. h5 Rc8 45. h6 Rh8 46. Rh5 Kf6 47. Ke3 Kg6 48. Rh2 Kh7 49. Nd3 Rb8 50. Nc5 Bc6 51. Kf4 Re8 52. e5 Rd8 53. Kf5 Rd5 54. Ne4 Bd7+ 55. Kf4 Rd4 56. Ke3 Rd1 57. Nf6+ Kh8 58. Rd2 Rxd2 59. Kxd2 Be6 60. Kc3 Bb3 61. Kb4 Bd1 62. Ne4 Kh7 63. Nc3 Bf3 64. Nxa4 Kxh6 65. Kc5 Kg5 66. Kd6 Kf4 67. Nc5 Ke3 68. b4 Kd4 69. b5 Kc4 70. b6 Bg2 71. b7 Bxb7 72. Nxb7 1-0